[Event "SA-2017-0-00574"]
[Site "LSS email"]
[Date "2017.05.06"]
[Round "?"]
[White "Willmann, Bernd"]
[Black "Remde, Philip"]
[Result "1-0"]
[WhiteElo "2288"]
[BlackElo "2037"]
[PlyCount "23"]
[EventDate "2017.03.26"]
[EventType "tourn (corr)"]
[EventRounds "6"]
[EventCountry "GER"]
[SourceTitle "Corr 2022"]
[Source "ChessBase"]
[SourceDate "2021.10.24"]
[SourceVersion "1"]
[SourceVersionDate "2021.10.24"]
[SourceQuality "1"]

1. d4 Nf6 2. c4 c5 3. d5 b5 4. cxb5 a6 5. bxa6 e6 6. Nc3 exd5 7. Nxd5 Be7 8. Nxe7 Qxe7 9. Bf4 d5 10. e3 0-0 11. Nf3 Rd8 12. Be2 1-0

[Event "SA-2017-0-00574"]
[Site "LSS email"]
[Date "2017.05.04"]
[Round "?"]
[White "Remde, Philip"]
[Black "Kudr, Roman"]
[Result "0-1"]
[WhiteElo "2037"]
[BlackElo "2250"]
[PlyCount "24"]
[EventDate "2017.03.26"]
[EventType "tourn (corr)"]
[EventRounds "6"]
[EventCountry "GER"]
[SourceTitle "Corr 2022"]
[Source "ChessBase"]
[SourceDate "2021.10.24"]
[SourceVersion "1"]
[SourceVersionDate "2021.10.24"]
[SourceQuality "1"]

1. d4 Nf6 2. c4 e6 3. Nf3 d5 4. Nc3 c6 5. e3 Nbd7 6. Bd3 dxc4 7. Bxc4 b5 8. Be2 Bb7 9. 0-0 Be7 10. b3 a6 11. Bb2 0-0 12. Rc1 c5 0-1